Normal view
MARC view
Entry Término temático
001 - NÚMERO DE CONTROL
- campo de control: 34594
003 - IDENTIFICADOR DEL NÚMERO DE CONTROL
- campo de control: OSt
005 - FECHA Y HORA DE LA ÚLTIMA TRANSACCIÓN
- campo de control: 20200615033437.0
008 - DATOS DE LONGITUD FIJA
- campo de control de longitud fija: 200615|| aca||aabn | a|a d
040 ## - FUENTE DE LA CATALOGACIÓN
- Centro catalogador/agencia de origen: OSt
- Centro/agencia transcriptor: OSt
150 ## - ENCABEZAMIENTO--TÉRMINO DE MATERIA
- Término de materia o nombre geográfico como elemento de entrada: ENERGÍA NUCLEAR
670 ## - FUENTE DE DATOS ENCONTRADOS
- Cita de la fuente: Work cat.: (OSt)14862: Conferencia internacional sobre la utilización de la energía atómica con fines pacíficos (8 a 20 de agosto de 1955 : Ginebra). 34591, Actas de la conferencia internacional sobre la utilización de la energía atómica con fines pacíficos., 1956.
